Images That Start with 'F' Quiz Stats

 Plays Quiz Updated Sep 28, 2018

Score 0/20 Timer 04:00
1 Play Today
% Correct
fingerprint
98.6%
flamingo
98.5%
flute
97.3%
Florida
94.6%
Frisbee
93.4%
France
93.4%
funnel
91.6%
fireworks
90.1%
faucet
88.2%
fossil
86.9%
% Correct
fern
84.7%
fawn
83.4%
ferret
79.3%
firefly
75.8%
flea
72.8%
fiddle
70.2%
fungus
68.1%
flounder
61.3%
fig
57.4%
fennel
47.6%

You're not logged in!

Compare scores with friends on all Sporcle quizzes.
OR
Log In

Show Comments

Extras

Top Quizzes Today


Score Distribution

Your Account Isn't Verified!

In order to create a playlist on Sporcle, you need to verify the email address you used during registration. Go to your Sporcle Settings to finish the process.

Report this User

Report this user for behavior that violates our Community Guidelines.

Details: